000 00674nam a2200241Ia 4500
003 OSt
005 20240615111126.0
008 210210b2019 xxu||||| |||| 00| 0 eng d
020 _a9788194166122
040 _cAL
041 _aKannada
082 _aK894.8 JOGB
100 _aJOGI
_9134438
_dಜೋಗಿ Ed
245 _aBahurupi girish karnad
_bಬಹುರೂಪಿ ಗಿರೀಶ್ ಕಾರ್ನಾಡ್
260 _aBengaluru
_bBahurupi Prakashana
_c2019
300 _axxii,194
650 _akarnad
_9134439
650 _agirish
_9134440
650 _aBahurupi
_9134441
690 _aKannada Miscellaneous
_9134442
906 _a073700
942 _2ddc
_cBK
999 _c123580
_d123580